Normal view
MARC view
- Malaque, Mysiel.
Entry Personal Name
001 - CONTROL NUMBER
- control field: 41240
003 - CONTROL NUMBER IDENTIFIER
- control field: OSt
005 - DATE AND TIME OF LATEST TRANSACTION
- control field: 20200117140048.0
008 - FIXED-LENGTH DATA ELEMENTS
- fixed length control field: 200117|| aca||aabn | a|a d
040 ## - CATALOGING SOURCE
- Original cataloging agency: OSt
- Transcribing agency: OSt
100 ## - HEADING--PERSONAL NAME
- Personal name: Malaque, Mysiel.
670 ## - SOURCE DATA FOUND
- Source citation: Work cat.: (OSt)4695: 14957 Guiab, Marissa R., Dekonstruksyon ng mga piling maikling kuwento ni Liwayway A. Arceo/, ©2012.
